| 000 | 00342nam a2200133Ia 4500 | ||
|---|---|---|---|
| 008 | 240624s9999 xx 000 0 und d | ||
| 041 | _aeng | ||
| 082 | _a658.4052 LEM | ||
| 100 | _aLEMPEREUR ALAIN | ||
| 245 | _aFIRST MOVE A NEGOTIATOR S COMPANION | ||
| 260 |
_c2010 _aUnited Kingdom _bWiley |
||
| 300 | _aix, 254 p.; 23 cm. | ||
| 365 |
_c _b28 |
||
| 999 |
_c30296 _d30296 |
||